Central Library OPAC University of Rajshahi

Schaum's outline of theory and problems of college physics / (Record no. 52576)

MARC details
000 -LEADER
fixed length control field 00834nam a2200265 a 4500
001 - CONTROL NUMBER
control field 52576
003 - CONTROL NUMBER IDENTIFIER
rucl marc code BD-RjUL
005 - DATE AND TIME OF LATEST TRANSACTION
control field 20211209075829.0
008 - FIXED-LENGTH DATA ELEMENTS--GENERAL INFORMATION
fixed length control field 160922r19591946nyua 001 0 eng d
035 ## - SYSTEM CONTROL NUMBER
System control number (BD-RjUL)52696
040 ## - CATALOGING SOURCE
Original cataloging agency IWS
Transcribing agency IWS
Modifying agency OCL
-- GUA
-- EQO
-- BD-RjUL
Language of cataloging eng
041 ## - LANGUAGE CODE
Language code of text/sound track or separate title eng
082 ## - DEWEY DECIMAL CLASSIFICATION NUMBER
Edition number 23
Classification number 530
Author mark and year SCS 1959
100 1# - MAIN ENTRY--PERSONAL NAME
Personal name Schaum, Daniel.
9 (RLIN) 156223
245 10 - TITLE STATEMENT
Title Schaum's outline of theory and problems of college physics /
Statement of responsibility, etc. by Daniel Schaum ; edited by Carel W. van der Merwe.
250 ## - EDITION STATEMENT
Edition statement 5th ed.
260 ## - PUBLICATION, DISTRIBUTION, ETC. (IMPRINT)
Place of publication, distribution, etc. New York :
Name of publisher, distributor, etc. McGraw-Hill,
Date of publication, distribution, etc. 1946, [reprint 1959]
300 ## - PHYSICAL DESCRIPTION
Pagination 204 p. :
Illustrations ill. ;
Size 28 cm.
490 0# - SERIES STATEMENT
Series statement Schaum's outline series
500 ## - GENERAL NOTE
General note Includes index.
650 #0 - SUBJECT ADDED ENTRY--TOPICAL TERM
Topical term or geographic name as entry element Physics
9 (RLIN) 156224
942 ## - ADDED ENTRY ELEMENTS (KOHA)
Source of classification or shelving scheme Dewey Decimal Classification
Koha item type Books
Holdings
Lost status Source of classification or shelving scheme Damaged status Not for loan Collection code Permanent Location Current Location Shelving location Date acquired Source of acquisition Total Checkouts Full call number Date last seen Copy number Koha item type
  Dewey Decimal Classification     Non-fiction Central Library, University of Rajshahi Central Library, University of Rajshahi   23/09/1964 Australia   530 SCS 1959 22/09/2016 C-2 Books